000 00773nam a2200241Ia 4500
003 OSt
005 20220926040502.0
006 a|||||r|||| 00| 0
007 ta
008 220923b |||||||| |||| 00| 0 eng d
037 _cGeneral Book
040 _aRTL
_cRTL
_beng
041 _2eng
_aeng
082 _aX:991.73.N6, K4
100 _aHaber William
_9342753
245 0 _aRole of the United States employment service in a
260 _c1964
500 _aW. E. Upjohn Institute for Employment Research Studies in Employment and Unemployment
650 _aLabour Market Economics-United States
_9251123
700 _a Kruger Daniel H.
_9343711
942 _hX:991.73.N6, K4
_cGB
_2CC
999 _c664908
_d664908